000 00729nam a22001577a 4500
003 OSt
005 20150918154644.0
008 150918b xxu||||| |||| 00| 0 eng d
040 _cRUA
082 _aAGR CHO 2006 BO33 Or.1
100 _9783
_aCHON, LEAKHENA
245 _aEffect of adding some nutrions on yield of straw mushroom at royal university of agriculture (ឥទ្ធិពលនៃការបន្ថែមសារធាតុចិញ្ចឹមមួយចំនួននៅលើទិន្នផល ផ្សិតចំបើងនៅសាកលវិទ្យាល័យភូមិន្ធកសិកម្ម).
260 _aphnom phen
_bRUA
_c2006
300 _aXI,43Pp.
_bill.
_c29cm.
942 _2ddc
_cAGR
999 _c751
_d751